000 00619nam a2200229Ia 4500
005 20230515154638.0
008 131103s9999 xx 000 0 und d
020 _a8126019948
_cRs 25
040 _aLoreto College
041 _aEnglish
082 _aTAG 891.44
_bTAG-GHO
100 _aGhosh, Sisirkumar
245 _aRabindranath Tagore
_cSisirkumar Ghosh
260 _aNew Delhi
_bSahitya Akademi
_c1990
300 _a153p
440 _aMakers of Indian Literature
504 _aIncludes bibliography
650 _aTagore, Rabindranath
651 _aLiterature in Bengali
850 _aLCLIB
942 _cBK
999 _c15432
_d65911